Open Data Biblioteca Nacional de Portugal


República Portuguesa: Ministério da Cultura
Biblioteca Nacional de Portugal

Catálogo da BNP: acesso por Identificadores Unívocos
Registos Bibliográficos associados ao registo de autoridade

Etiqueta de registo: 00000nam 2200025 450
001 1963137
003 http://id.bnportugal.gov.pt/bib/catbnp/1963137
100 ## $a20170519d2016 k y0pory01030103ba
101 0# $aeng$dpor
102 ## $aPT
105 ## $aa m 000yy
106 ## $ar
200 1# $aCombining neuromuscular and biomechanical features to assess sensorimotor impairments after spinal cord injury or stroke$fFilipe André Oliveira Barroso$gorient. Cristina Manuela Peixoto dos Santos, Juan Camilo Moreno, Diego Torriceli
210 #9 $a[Guimarães$cs.n.],$d2016
215 ## $aXXIV, 186 p.$cil.$d30 cm
328 #1 $aTese dout. Engenharia Biomédica, Escola de Engenharia, Universidade do Minho, 2016
675 ## $a57.087(043)$vBN$zpor$31245084
675 ## $a612.76(043)$vBN$zpor$31274579
675 ## $a616.832(043)$vBN$zpor$31318783
675 ## $a616.8-009.6(043) $vBN$zpor$31482516
700 #1 $aBarroso,$bFilipe André Oliveira$31681359
702 #1 $aSantos,$bCristina Manuela Peixoto$4727$31596673
702 #1 $aMoreno,$bJuan Camilo$4727$31683338
702 #1 $aTorriceli,$bDiego$4727$31681361
801 #0 $aPT$bBN$gRPC
966 ## $lBN$mFGMON$sS.A. 165510 V.$x1

Etiqueta de registo: 00000nam 2200025 450
001 1961733
003 http://id.bnportugal.gov.pt/bib/catbnp/1961733
100 ## $a20170508d2015 k y0pory01030103ba
101 0# $aeng$dpor
102 ## $aPT
105 ## $aa m 000yy
106 ## $ar
200 1# $a A bio-inspired computational model for motion detection$fAna Carolina Quintela Alves Vilares da Silva$gorient. Cristina Manuela Peixoto dos Santos, John Richard Gray
210 #9 $a[Braga$cs.n.],$d2015
215 ## $aXI, 217 p.$cil.$d30 cm
328 #1 $aTese dout. Engenharia Biomédica, Escola de Engenharia, Univ. do Minho, 2015
675 ## $a681.5(043)$vBN$zpor$3297997
675 ## $a577.25(043)$vBN$zpor$31290522
700 #1 $aSilva,$bAna Carolina Quintela Alves Vilares da$31680042
702 #1 $aSantos,$bCristina Manuela Peixoto$4727$31596673
702 #1 $aGray,$bJohn Richard$4727$31680040
801 #0 $aPT$bBN$gRPC
966 ## $lBN$mFGMON$sS.A. 165211 V.$x1

Etiqueta de registo: 00000nam 2200025 450
001 1892094
003 http://id.bnportugal.gov.pt/bib/catbnp/1892094
100 ## $a20150108d2013 k y0pory01030103ba
101 0# $aeng$dpor
102 ## $aPT
105 ## $aa m 000yy
106 ## $ar
200 1# $a A bio-inspired architecture for adaptive quadruped locomotion over irregular terrain$fVítor Emanuel da Silva Matos$gorient. Cristina Manuela Peixoto Santos
210 #9 $a[Braga$cs.n.],$d2013
215 ## $aXII, 208 p.$cil.$d30 cm
320 ## $aBibliografia, p. 187-202
328 #1 $aTese dout. Engenharia Electrónica e de Computadores, Univ. do Minho, 2013
675 ## $a621.33(043)$vBN$zpor$31245397
675 ## $a681.58(043)$vBN$zpor$3408358
675 ## $a007(043)$vBN$zpor$3480725
700 #1 $aMatos,$bVítor Emanuel da Silva$31596674
702 #1 $aSantos,$bCristina Manuela Peixoto$4727$31596673
801 #0 $aPT$bBN$gRPC
966 ## $lBN$mFGMON$sS.A. 156325 V.$x1

Etiqueta de registo: 00000nam 2200025 450
001 1927070
003 http://id.bnportugal.gov.pt/bib/catbnp/1927070
100 ## $a20160401d2014 k y0pory01030103ba
101 0# $aeng$dpor
102 ## $aPT
105 ## $aa m 000yy
106 ## $ar
200 1# $aAffective robotics for socio-emotional development in children with autism spectrum disorders$fSandra Cristina Cunha Costa$gorient. Filomena Maria da Rocha Menezes de Oliveira Soares, Cristina Manuela Peixoto Santos
210 #9 $a[Braga$cs.n.],$d2014
215 ## $aXXV, [3], 263 p.$cil.$d30 cm
320 ## $aContém bibliografia
328 #1 $aTese dout. Engenharia Eletrónica e de Computadores, Escola de Engenharia, Univ. do Minho, 2014
675 ## $a681.5(043)$vBN$zpor$3297997
675 ## $a007(043)$vBN$zpor$3480725
675 ## $a616.896-053.2(043)$vBN$zpor$31480964
675 ## $a159.942-053.2-056.3(043)$vBN$zpor$31642731
700 #1 $aCosta,$bSandra Cristina Cunha$31641062
702 #1 $aSoares,$bFilomena Maria da Rocha Meneses de Oliveira $4727$3797712
702 #1 $aSantos,$bCristina Manuela Peixoto$4727$31596673
801 #0 $aPT$bBN$gRPC
966 ## $lBN$mFGMON$sS.A. 161434 V.$x1

Etiqueta de registo: 00000nam 2200025 450
001 1961574
003 http://id.bnportugal.gov.pt/bib/catbnp/1961574
100 ## $a20170504d2015 k y0pory01030103ba
101 0# $aeng$dpor
102 ## $aPT
105 ## $aa m 000yy
106 ## $ar
200 1# $aASBGo$e a smart walker for mobility assistance and monitoring system aid$fMaria Manuel Carvalho de Freitas Martins$gorient. Cristina Manuela Peixoto Santos, Anselmo Frizera Neto, Ramón Ceres Ruiz
210 #9 $a[Braga$cs.n.],$d2015
215 ## $aXV, 291 p.$cil.$d30 cm
328 #1 $aTese dout. Biomedical Engineering, Escola de Engenharia, Univ. do Minho, 2015
675 ## $a681.51(043)$vBN$zpor$31239597
675 ## $a615.47(043)$vBN$zpor$31229369
700 #1 $aMartins,$bMaria Manuel Carvalho de Freitas$31679934
702 #1 $aSantos,$bCristina Manuela Peixoto$4727$31596673
702 #1 $aNeto,$bAnselmo Frizera$4727$31679936
702 #1 $aCeres Ruiz,$bRamón$4727$31679937
801 #0 $aPT$bBN$gRPC
966 ## $lBN$mFGMON$sS.A. 165710 V.$x1

Etiqueta de registo: 00000nam 2200025 450
001 2264308
003 http://id.bnportugal.gov.pt/bib/catbnp/2264308
100 ## $a20260210d2022 k y0pory01030103ba
101 0# $aeng$dpor
102 ## $aPT
105 ## $aa m 000yy
106 ## $ar
200 1# $aClinical decision support systems for patellofemoral instability diagnosis and treatment$fRoberto Martins Barbosa$gorient. Cristina Peixoto Santos
210 #9 $a[S.l.$cs.n.],$d2022
215 ## $aXXII, 198 p.$cil.$d30 cm
328 #1 $aTese dout. Líderes para as Indústrias Tecnológicas (LTI) / Engenharia de Produção e Processos de Fabrico Avançados (EDAM) - MIT Portugal, Escola de Engenharia, Universidade do Minho, 2022
675 ## $a616.718-071(043)$vBN$zpor$31984818
700 #1 $aBarbosa,$bRoberto Martins$31984587
702 #1 $aSantos,$bCristina Manuela Peixoto$4727$31596673
801 #0 $aPT$bBN$gRPC
856 40 $2Cópia digital disponível no RepositóriUM - Universidade do Minho$uhttps://hdl.handle.net/1822/85667
966 ## $lBN$mFGMON$sS.A. 193073 V.$x1
971 ## $corlando$d20260210
972 ## $e0$z0$d20260305$vlrevez
973 ## $cigoulao$d20260211

OpendataBNP@bnportugal.pt | Mais informação sobre acesso aos dados BNP